000 00368nam a2200133Ia 4500
008 100328s9999 xx 000 0 und d
082 _b45754
100 _aझणकर अजेय
245 _aसरकारनामा
260 _bग्रंथाली
630 _aसरकारनामा
730 _aसरकारनामा
942 _cBOOK
999 _c533843
_d533840